| 000 | 00837nam a2200205Ia 4500 | ||
|---|---|---|---|
| 008 | 081213s9999 xx 000 0 und d | ||
| 020 | _c2825410942 | ||
| 050 |
_aREF BX6 _b.W67 1994 |
||
| 082 |
_a280.102 5 _bWCC |
||
| 110 | _aWorld council of churches | ||
| 245 |
_aResource sharing book 1995 : _bstructure, services, and activities _cWorld Council of Churches. |
||
| 260 |
_c1994 _aGeneva : _bWCC Publications, ©1994 |
||
| 300 |
_a241 p. : _b ill. ; _c21 cm. |
||
| 500 | _aWCC structure & services -- Projects, programmes, and worldwide askings. | ||
| 650 | _aChristianity -- Developing countries. | ||
| 650 | _aWorld Council of Churches. | ||
| 650 | _aChurch and social problems. | ||
| 942 |
_cREF _2lcc |
||
| 999 |
_c30099 _d30099 |
||